[Event "Portugal Open 2020"]
[Site "Lisbon"]
[Date "2020.01.27"]
[Round "4.5"]
[White "Asadli, Vugar"]
[Black "Fidalgo, Andre Neves"]
[Result "1-0"]
[WhiteElo "2538"]
[BlackElo "2282"]
[Annotator "TA"]
[PlyCount "71"]
[EventDate "2020.01.25"]
[EventType "swiss"]
[EventCountry "POR"]
[SourceTitle "playchess.com"]
[Source "ChessBase"]
[SourceQuality "1"]

{[%evp 18,71,49,50,52,37,50,58,77,60,73,60,79,64,80,78,78,76,70,66,65,38,79,79,79,72,79,71,105,111,127,126,118,129,108,113,113,91,142,143,139,101,210,219,283,278,719,649,1349,1454,1363,1349,12837,12838,12836,12833]} 1. e4 c5 2. Nf3 Nc6 3. d4 cxd4 4. Nxd4 g6 5. c4 Nf6 6. Nc3 d6 7. Be2 Nxd4 8. Qxd4 Bg7 9. Be3 O-O 10. Qd3 a5 {B36: Sicilian: Maroczy Bind: Gurgenidze System} (10... Be6 11. O-O a6 12. Rac1 b5 13. cxb5 axb5 14. Nxb5 Rxa2 15. Bd4 Bd7 16. Qb3 Ra8 17. e5 Bxb5 18. exf6 Bxf6 19. Bxf6 Bxe2 20. Rfe1 exf6 {½-½ (20) Idani,P (2586)-Zvjaginsev,V (2644) Qingdao 2019}) 11. O-O a4 12. Bd4 Bd7 {White is slightly better.} 13. b4 axb3 14. axb3 Bc6 $146 ({Predecessor:} 14... Re8 15. Rfd1 Qb8 16. Rxa8 Qxa8 17. Bxf6 Bxf6 18. Nd5 Qa2 19. Nxf6+ exf6 {½-½ (29) Danzanvilliers,P (2319)-Hallengren,B (2245) IECG email 2002}) 15. b4 b6 16. Nd5 Bxd5 17. cxd5 Rxa1 18. Rxa1 Qc7 19. Qe3 Nd7 20. Bxg7 Kxg7 21. Bb5 Rb8 22. Bc6 Ne5 23. f4 $36 {[%mdl 2048] White is in control.} Ng4 24. Qd4+ $1 Kg8 25. h3 Nf6 26. e5 Nd7 {[%cal Rd6e5]} 27. Re1 Nf8 {[#]} (27... b5 $142) 28. b5 $1 $16 Nd7 29. h4 Nc5 {[#]} (29... Rd8 $16) 30. h5 $1 $18 {[%mdl 512]} Rf8 (30... gxh5 31. Re3) 31. h6 {White threatens exd6 and mate.} f6 $2 (31... dxe5 32. fxe5 e6) 32. e6 {White is clearly winning.} Rb8 33. g4 Rf8 34. g5 Qa7 35. gxf6 Rxf6 {[#]} 36. Qxf6 $1 {[%mdl 576] Promotion. Accuracy: White = 90%, Black = 43%.} 1-0

[Event "Portugal Open 2020"]
[Site "Lisbon"]
[Date "2020.01.27"]
[Round "4.6"]
[White "Goluch, Piotr"]
[Black "Janik, Igor"]
[Result "0-1"]
[WhiteElo "2413"]
[BlackElo "2453"]
[Annotator "TA"]
[PlyCount "86"]
[EventDate "2020.01.25"]
[EventType "swiss"]
[EventCountry "POR"]
[SourceTitle "playchess.com"]
[Source "ChessBase"]
[SourceQuality "1"]

{[%evp 18,86,16,7,8,2,0,-19,-7,-14,-27,-31,-25,-22,-25,-23,-14,-20,0,-18,0,-12,-12,-13,0,-43,-50,-100,-100,-100,-93,-96,-95,-106,-79,-80,-85,-68,-72,-116,-123,-136,-136,-187,-178,-256,-237,-256,-256,-256,-235,-249,-239,-234,-227,-224,-214,-171,-173,-243,-236,-248,-246,-366,-270,-260,-262,-259,-260,-897,-865]} 1. e4 e5 2. Nf3 Nc6 3. Bb5 a6 4. Ba4 Nf6 5. O-O b5 6. Bb3 Bc5 7. d3 d6 8. a4 Rb8 9. axb5 axb5 10. c3 h6 {C78: Ruy Lopez: Archangelsk and Möller Defences} 11. Re1 O-O 12. d4 $146 ({Predecessor:} 12. Nbd2 Bb6 13. Nf1 {½-½ (13) Sasikiran,K (2666)-Sethuraman,S (2657) Yerevan 2018}) 12... Bb6 {The position is equal.} 13. Be3 Bg4 14. d5 Bxe3 15. Rxe3 Ne7 16. h3 Bxf3 17. Qxf3 Nd7 18. Nd2 b4 19. c4 Ra8 20. Ree1 Ng6 21. g3 (21. Bc2 {is more complex.} Nf4 22. Nb3 Qf6 23. Reb1 Qh4 24. Bd1) 21... Qg5 $36 {[%mdl 2048] Black fights for an advantage.} 22. Qe3 Qxe3 23. fxe3 Nc5 24. Bc2 Rfb8 25. Nb3 Nb7 26. c5 Nxc5 ({But not} 26... dxc5 27. Bd3 $11) 27. Nxc5 dxc5 28. Bd3 {[#]} Nf8 $1 29. Rec1 Nd7 30. Rxa8 (30. Kg2 $17 {was worth a try.}) 30... Rxa8 $17 {[%mdl 4096] Endgame KRB-KRN} 31. Bb5 (31. Kf2 $142) 31... Nf6 $19 32. Kg2 Ra5 ({Don't play} 32... Nxe4 33. Bd3 $17) 33. Bd3 Kf8 34. Kf3 Ke7 35. h4 Nd7 36. Bc4 Nb6 37. Bb3 Kd6 38. Ke2 (38. Kg4 $142) 38... Ra7 39. Kd3 c6 40. Rf1 (40. g4 {was necessary.}) 40... f6 41. g4 cxd5 42. exd5 Rc7 {Strongly threatening ...c4+.} 43. Bc4 $2 {[#]} (43. Rc1) 43... e4+ $1 {[%mdl 512] Accuracy: White = 33%, Black = 77%.} 0-1

[Event "Portugal Open 2020"]
[Site "Lisbon"]
[Date "2020.01.27"]
[Round "4.7"]
[White "Vasli, Aref"]
[Black "Tari, Aryan"]
[Result "0-1"]
[WhiteElo "2391"]
[BlackElo "2635"]
[Annotator "TA"]
[PlyCount "56"]
[EventDate "2020.01.25"]
[EventType "swiss"]
[EventCountry "POR"]
[SourceTitle "playchess.com"]
[Source "ChessBase"]
[SourceQuality "1"]

{[%evp 9,100,14,4,0,28,31,28,14,24,26,19,18,40,17,22,15,31,12,31,15,25,19,25,18,19,18,18,8,16,4,12,11,13,8,12,12,15,10,27,20,30,7,27,0,27,34,67,-418,-379,-658,-634,-846,-488,-488,-498,-470,-493,-480,-465,-457,-471,-509,-441,-543,-520,-547,-541,-539,-527,-513,-526,-521,-516,-509,-496,-527,-506,-534,-497,-491,-297,-365,-351,-380,-384,-529,-510,-665,-583,-12837,-1128,-12837,-12837]} 1. e4 c5 2. Nf3 d6 3. Bb5+ Nd7 4. Ba4 Ngf6 5. O-O a6 {...b5 is the strong threat.} 6. c4 {B51: Sicilian: Moscow Variation (3 Bb5+) without 3...Bd7.} g6 7. Nc3 Bg7 8. d3 {White has an edge.} O-O 9. h3 Rb8 10. Rb1 b6 {[#]} 11. Be3 $146 ({Predecessor:} 11. Bg5 h6 12. Be3 Kh7 13. Qd2 Bb7 14. b4 e6 15. Rfe1 Ba8 16. a3 Qc7 17. Rec1 {½-½ (48) Bartel,M (2602)-Navara,D (2727) Poland 2018}) 11... Bb7 12. Qd2 e6 13. Rfe1 Qc7 14. a3 Rfc8 15. Rec1 Ne5 16. Nxe5 dxe5 17. b4 Rd8 18. Qc2 Nh5 19. Ne2 Nf4 20. bxc5 bxc5 21. Rd1 Ba8 22. Rxb8 Rxb8 23. Nc1 Qa5 24. Kh2 f5 25. Bd2 Qd8 26. Be3 Qh4 27. f3 g5 28. exf5 $2 {[%mdl 8192] [#]} (28. Bxc5 $14 {stays ahead.} g4 29. fxg4) 28... exf5 {Played: Ba8xf3} 0-1

[Event "Portugal Open 2020"]
[Site "Lisbon"]
[Date "2020.01.27"]
[Round "4.8"]
[White "Motylev, Alexander"]
[Black "Bashirli, Nail"]
[Result "1-0"]
[WhiteElo "2640"]
[BlackElo "2379"]
[Annotator "TA"]
[PlyCount "101"]
[EventDate "2020.01.25"]
[EventType "swiss"]
[EventCountry "POR"]
[SourceTitle "playchess.com"]
[Source "ChessBase"]
[SourceQuality "1"]

{[%evp 26,101,46,31,31,40,46,15,0,2,12,8,72,66,72,81,76,80,148,150,170,121,212,208,210,183,209,209,188,195,185,133,140,107,154,139,224,201,197,202,256,266,331,191,206,204,172,163,210,201,296,262,294,302,335,321,404,385,393,394,365,320,308,312,307,314,359,343,368,368,368,368,714,710,702,702,4570,4570]} 1. e4 c5 2. Nf3 d6 3. d4 cxd4 4. Nxd4 Nf6 5. Nc3 Nc6 6. f3 e6 7. Be3 a6 8. Qd2 Be7 9. O-O-O O-O 10. g4 Nxd4 11. Bxd4 b5 {[%cal Bb7b5,Bb5b4][%mdl 32]} 12. g5 Nd7 13. h4 b4 14. Na4 Qa5 {B80: Sicilian Scheveningen: 6 g3 and 6 Be3, including English Attack} (14... a5 15. Rg1 Ba6 16. Bxa6 Rxa6 17. Qe2 Qc8 18. Kb1 Rc6 19. b3 Qc7 20. Rd2 Rc8 21. h5 Bf8 22. h6 {1-0 (57) Horvath,A (2528)-Efimenko,Z (2656) Zalakaros 2015}) 15. b3 Nc5 16. a3 Nxa4 {The position is equal.} 17. axb4 ({Much worse is} 17. bxa4 e5 $17) 17... Qc7 18. bxa4 Bd7 (18... e5 $11 19. Bb2 Be6) 19. a5 $1 $36 {[%mdl 2048] White fights for an advantage.} Rfc8 {Threatening ...d5.} 20. Bb6 $146 ({Predecessor:} 20. Bd3 Ba4 21. Kb1 d5 22. exd5 exd5 {1-0 (53) Arsic,D (1854)-Zarkovic,M (2015) Senta 2011}) 20... Qc6 21. Kb2 $1 d5 (21... e5 $142) 22. c3 ({But not} 22. exd5 $6 Qa4 $11) 22... dxe4 23. fxe4 e5 (23... Be8 $16 24. Bg2 Qa4) 24. Bh3 Bxh3 25. Rxh3 Qxe4 26. Re3 Qxh4 27. Rxe5 Bf8 {[#]} 28. Qd4 (28. Qd5 $1 $18) 28... Qh3 29. Qd3 Qg2+ 30. Rd2 Qh1 (30... Qc6 $16 31. Rf2 Rab8) 31. Qd5 Qh3 {[#]} 32. Re3 $1 {[%cal Re3h3]} Qh5 33. Rf2 h6 34. Ref3 (34. Re5 $142 {gxh6 is the strong threat.} Re8 35. Ref5 Re2+ 36. Ka3 Rxf2 37. Bxf2) 34... Qxg5 $18 35. Qxg5 hxg5 36. Rxf7 g4 37. Rd7 Rc4 (37... Rc6 {was called for.} 38. Rg2 Rac8) 38. Kb3 Re4 39. Rg2 Be7 40. Rd4 Rxd4 41. Bxd4 {[%mdl 4096] Endgame KRB-KRB} Kf7 42. Rxg4 g5 43. Rg2 Ke6 44. Re2+ Kd7 45. Rh2 Ke6 46. Rh6+ Kf5 {[#]} 47. b5 $1 {[%mdl 512]} axb5 48. a6 {[%cal Ba5a6,Ba6a7][%mdl 32]} g4 $2 (48... Bf8 49. Rh8 g4) 49. a7 {White is clearly winning.} g3 50. Rb6 g2 51. Rxb5+ {Accuracy: White = 96%, Black = 36%.} 1-0

[Event "Portugal Open 2020"]
[Site "Lisbon"]
[Date "2020.01.27"]
[Round "4.9"]
[White "Grigoryan, Karen H."]
[Black "Mihajlov, Sebastian"]
[Result "1/2-1/2"]
[WhiteElo "2632"]
[BlackElo "2374"]
[Annotator "TA"]
[PlyCount "92"]
[EventDate "2020.01.25"]
[EventType "swiss"]
[EventCountry "POR"]
[SourceTitle "playchess.com"]
[Source "ChessBase"]
[SourceQuality "1"]

{[%evp 13,92,8,7,-18,2,5,12,2,7,8,24,7,29,15,112,100,104,19,37,33,34,24,38,35,62,46,62,-72,14,14,14,14,30,23,17,9,9,9,6,6,9,6,5,3,5,6,10,11,16,19,22,8,11,9,8,16,150,152,126,87,150,148,153,152,158,144,119,38,33,0,8,0,0,0,0,0,0,-13,0,-13,-13]} 1. c4 c6 2. Nf3 Nf6 3. e3 d5 4. Nc3 e6 5. Qc2 Nbd7 6. b3 Bd6 7. Bb2 O-O 8. Rg1 {A11: English Opening: 1...c6} (8. Be2 Qe7 9. O-O b6 10. cxd5 cxd5 11. Nb5 Ba6 12. Qd1 Bxb5 13. Bxb5 a6 14. Be2 Ba3 15. Qc1 Bxb2 16. Qxb2 {½-½ (33) Ivanchuk,V (2728)-Duda,J (2707) Tbilisi 2017}) 8... a6 9. g4 b5 10. g5 Ne8 11. h4 bxc4 12. bxc4 Rb8 13. h5 Ne5 (13... e5 $11) 14. Nxe5 $16 Bxe5 15. d4 $146 (15. Bd3 $16) ({Predecessor:} 15. f4 Bxf4 16. exf4 {1-0 (26) Huber,M (2230)-Bratkovic,S (2012) Maribor 2013}) 15... Bh2 16. Rg2 Bc7 17. Bd3 Kh8 18. Ba3 Bd6 19. Bxd6 Nxd6 20. Bxh7 (20. c5 $14 {keeps the upper hand.} Nf5 21. Ke2) 20... Nxc4 ({Black should try} 20... e5 $17 21. cxd5 exd4) 21. Bd3 $1 $11 e5 {And now ...exd4 would win.} 22. Bxc4 dxc4 23. dxe5 Qa5 24. Ke2 Qxe5 25. f4 Bf5 26. fxe5 Bxc2 27. Kf3 Bd3 28. Kf4 Rfe8 29. e4 Re7 30. Rag1 Rf8 31. Rb2 Rfe8 32. g6 Rf8 33. Ke3 {With the idea h6.} Rxe5 {[#]} 34. h6 $1 {[%mdl 512] Black should prevent Rb7.} Rh5 (34... Bxe4 $11 35. Kf4 (35. Nxe4 f5 $11 {[%mdl 64] Pin}) 35... Rfe8 36. gxf7 Rf5+ {[%mdl 64] Double Attack} 37. Ke3 Rf3+ 38. Kd4 c5+ 39. Kxc5 Rxf7) (34... gxh6 35. g7+) 35. hxg7+ $1 $16 Kxg7 {[#]} 36. Rb7 $1 Kf6 ({Black should play} 36... Rh6) 37. g7 Rg8 38. Rc7 Ke5 39. Rg3 ({Weaker is} 39. Rxc6 Rh3+ 40. Kd2 Rh2+ 41. Ke3 Rh3+ 42. Kd2 Rh2+ 43. Ke3 Rh3+ $11) 39... f5 {[#] aiming for ...f4+.} 40. exf5 ({Better is} 40. Rf7 $1 $16) 40... Bxf5 $14 41. Rf7 Be6 $132 {[%mdl 2048] The position is equal. Black puts up resistance} 42. Rf4 Rf5 43. Rh4 Rf7 44. Rg5+ Kf6 {[%mdl 64] Double Attack} 45. Ne4+ Ke7 46. Ra5 Rfxg7 {Accuracy: White = 52%, Black = 52%.} 1/2-1/2

[Event "Portugal Open 2020"]
[Site "Lisbon"]
[Date "2020.01.27"]
[Round "4.10"]
[White "Napoli, Nicolo"]
[Black "Ghazarian, Tigran"]
[Result "0-1"]
[WhiteElo "2333"]
[BlackElo "1668"]
[Annotator "TA"]
[PlyCount "54"]
[EventDate "2020.01.25"]
[EventType "swiss"]
[EventCountry "POR"]
[SourceTitle "playchess.com"]
[Source "ChessBase"]
[SourceQuality "1"]

{[%evp 10,54,8,8,33,23,37,0,0,-12,10,-32,-33,-43,-25,-39,-34,-43,-43,-45,-43,-43,-43,-43,-43,-43,-53,-39,-39,-48,-39,-47,-27,-62,-20,-20,0,-10,0,-92,-70,-208,-218,-222,-233,-278,-264]} 1. d4 Nf6 2. c4 e6 3. Nf3 Bb4+ 4. Nbd2 O-O 5. a3 Be7 6. e4 d6 {E11: Bogo-Indian} 7. Be2 Nfd7 (7... Nbd7 8. Qc2 e5 9. Nb1 exd4 10. Nxd4 Re8 11. Nc3 Bf8 12. O-O g6 13. Bg5 c6 14. Rad1 {1-0 (52) Giri,A (2769)-Iturrizaga Bonelli,E (2597) Moscow 2019}) 8. O-O e5 {The position is equal.} 9. d5 a5 {[%cal Ba7a5,Ba5a4][%mdl 32]} 10. Ne1 $146 ({Predecessor:} 10. b3 Nc5 11. Rb1 f5 12. b4 axb4 13. axb4 Nxe4 14. Nxe4 fxe4 {0-1 (43) Barbot,P (2570)-Delorme,A (2460) Nancy 2018}) 10... Nc5 11. Nd3 Nbd7 12. Re1 a4 13. Qc2 Bg5 14. Bf1 Nxd3 15. Bxd3 Nc5 16. Qc3 Bd7 17. Bc2 Qb8 18. Nf1 Bxc1 19. Raxc1 b5 20. Re3 Qb6 21. Rg3 Kh8 22. Nd2 Rab8 23. Qe3 f6 24. Bd1 (24. cxb5 $11 {keeps the balance.} Ra8 25. Bd1) 24... b4 25. Nf3 (25. axb4 $15 Qxb4 26. b3) 25... bxa3 $19 26. bxa3 Qb2 27. Rc2 Qa1 {Accuracy: White = 41%, Black = 73%.} 0-1

[Event "Portugal Open 2020"]
[Site "Lisbon"]
[Date "2020.01.27"]
[Round "4.11"]
[White "Ten Hertog, Hugo"]
[Black "Lekic, Dusan"]
[Result "1-0"]
[WhiteElo "2503"]
[BlackElo "2343"]
[Annotator "TA"]
[PlyCount "67"]
[EventDate "2020.01.25"]
[EventType "swiss"]
[EventCountry "POR"]
[SourceTitle "playchess.com"]
[Source "ChessBase"]
[SourceQuality "1"]

{[%evp 9,67,-15,-9,-16,-6,-8,-7,-10,-15,-39,-31,-53,0,-22,0,0,47,47,61,56,59,67,55,52,89,77,122,112,95,106,210,147,177,151,221,125,202,205,338,345,529,527,491,377,837,348,337,295,437,369,433,423,508,499,588,579,726,708,29998,29999]} 1. g3 d5 2. Bg2 e5 3. d3 g6 4. c4 dxc4 5. Qa4+ c6 6. Qxc4 {A00: Irregular Openings} Bg7 7. Nf3 Ne7 8. Nbd2 $146 {The position is equal.} ({Predecessor:} 8. h4 h6 9. Nc3 Be6 10. Qa4 Nf5 11. Ne4 Na6 12. Bd2 {½-½ (31) Gordievsky,D (2615)-Paravyan,D (2629) Moscow 2018}) 8... h6 9. Ne4 Na6 10. Bd2 O-O (10... Be6 {is interesting.} 11. Qc1 f5 12. Nc3 g5 13. O-O Qd7) 11. h4 Be6 12. Qc1 $36 {[%mdl 2048] White has good play.} f5 13. Nc3 h5 14. Bh6 f4 15. Bxg7 Kxg7 16. Ne4 {Strongly threatening Qc3.} Nd5 17. Nxe5 fxg3 18. Nxg3 Qa5+ 19. Kf1 Qb6 (19... Nf4 $16 20. Qc3 Qxc3 21. bxc3 Nc5) 20. Bf3 {Threatens to win with Qg5!} Nf4 21. Qc3 Kh7 (21... Qb4 $16 22. d4 Rae8) 22. Rg1 ({White should try} 22. Ne4 $18 Bf5 23. Ng5+ Kg8 24. e4 (24. Qc4+ Kg7 $18)) 22... Nb4 ({But not} 22... Nh3 $2 23. Rg2 $18) (22... Nc5 $16) 23. Ne4 $18 {Ng5+ is the strong threat.} Nbd5 (23... Bh3+ {was worth a try.} 24. Ke1 Nbd5) 24. Ng5+ Kh6 (24... Kg8 {is a better defense.} 25. Qd2 Rae8) 25. Qd2 Rae8 {[#]} 26. Nxg6 $1 {[%mdl 512]} Rf6 $2 (26... Ne3+ 27. Qxe3 Qxe3 28. Nxf8 (28. fxe3 Nxg6 29. Nxe6 Rxe6 $16) 28... Qd4 29. Nfxe6 Rxe6 30. Nxe6 Nxe6) (26... Nxg6 27. Nxe6+) 27. Nxe6 (27. Bxd5 $142 Nxg6 28. Ne4+ Rf4 29. Bxe6 Rxe6 {[#]} 30. Rxg6+ $1 {[%mdl 576] Remove Defender} Kxg6 31. Qxf4 Qxb2 32. Qg5+ Kf7 33. Qxh5+ Kg7 34. Re1) 27... Rexe6 28. Nxf4 Nxf4 (28... Rxf4 $142 29. Rg5 Qb4 30. Qxb4 Rxb4 31. Rxh5+ Kg7) 29. Be4 Qd4 30. Rd1 {And now e3 would win.} ({Much less strong is} 30. e3 Qd7 $18) 30... Qd8 31. Qe3 Rf7 32. Rg5 Qf6 33. Qg3 Qxb2 {[#]} 34. Rxh5+ $1 {[%mdl 576] Clearance. Accuracy: White = 71%, Black = 25%.} 1-0

[Event "Portugal Open 2020"]
[Site "Lisbon"]
[Date "2020.01.27"]
[Round "4.12"]
[White "Hill, Alistair"]
[Black "Spraggett, Kevin"]
[Result "0-1"]
[WhiteElo "2217"]
[BlackElo "2501"]
[Annotator "TA"]
[PlyCount "70"]
[EventDate "2020.01.25"]
[EventType "swiss"]
[EventCountry "POR"]
[SourceTitle "playchess.com"]
[Source "ChessBase"]
[SourceQuality "1"]

{[%evp 29,70,0,0,0,0,0,21,0,0,0,0,0,0,0,0,-2,0,0,0,-3,0,-7,-5,-38,-18,-25,-24,-40,-15,-31,-30,-71,-45,-214,-210,-370,-370,-552,-533,-507,-492,-477,-460]} 1. Nf3 Nf6 2. c4 d6 3. Nc3 g6 4. g3 Bg7 5. Bg2 O-O 6. O-O e5 7. d3 c6 8. h3 Re8 9. e4 a6 10. d4 Nbd7 11. Be3 exd4 12. Nxd4 Rb8 13. Qc2 c5 14. Nde2 b5 15. cxb5 axb5 {[%cal Ba6b5,Bb5b4][%mdl 32]} 16. a4 {E68: King's Indian: Fianchetto: 6...Nbd7 7 0-0 e5 8 e4} b4 (16... bxa4 17. Rfd1 Qe7 18. Bg5 Nb6 19. Bf4 Nc4 20. Rxa4 Ne5 21. Rda1 Bb7 22. Ra7 Qd8 23. g4 Qb6 {0-1 (44) Guramishvili,S (2393)-Rodshtein,M (2678) Linares 2014}) 17. Nb5 Qb6 $146 ({Predecessor:} 17... Rb6 18. Rfd1 Bf8 19. Bf4 Re6 20. Bg5 Bb7 21. f3 Qb8 22. Nf4 Re5 23. h4 h6 24. Bxf6 Nxf6 {0-1 (53) Rostalski,W (2230)-Polzin,R (2445) Hamburg 1997}) 18. Rfd1 {The position is equal.} Bf8 19. g4 Ba6 20. Ng3 Bxb5 21. axb5 Qxb5 22. g5 Nh5 23. Nxh5 {[#] Strongly threatening Nf4.} gxh5 24. b3 Ne5 {[%cal Bd7e5,Be5g6,Bg6f4][%mdl 32]} 25. Rd5 Ra8 26. Rad1 Ra3 27. Bc1 Ra1 28. Bb2 Rxd1+ 29. Qxd1 Ng6 30. Rf5 {Black should prevent Bf1.} Re6 31. e5 $2 ({Avoid the trap} 31. Qxh5 $2 Qd3 $19) (31. Bf1 $15 Qb7 32. Bg2) 31... dxe5 $19 {Threatens to win with ...Rd6.} ({Weaker is} 31... Nxe5 32. Bxe5 Qe8 33. Bd5 $11) 32. Bd5 $2 (32. Rf6 {keeps fighting.}) 32... Qd7 33. Rf6 (33. Qd3 $142 Nf4 {[%mdl 64] Double Attack} 34. Bxe6 Qxd3 35. Bxf7+ Kh8 36. Bxe5+ Bg7 37. Bxg7+ Kxg7 38. Rxf4) 33... Rxf6 {[%mdl 64] [#] Discovered Attack. Black is clearly winning.} 34. gxf6 Nf4 {[%mdl 64] Double Attack} 35. Bf3 Qf5 {Accuracy: White = 35%, Black = 91%.} 0-1

[Event "Portugal Open 2020"]
[Site "Lisbon"]
[Date "2020.01.27"]
[Round "4.13"]
[White "Jaracz, Pawel"]
[Black "Bayramov, Zaur"]
[Result "0-1"]
[WhiteElo "2466"]
[BlackElo "2333"]
[Annotator "TA"]
[PlyCount "102"]
[EventDate "2020.01.25"]
[EventType "swiss"]
[EventCountry "POR"]
[SourceTitle "playchess.com"]
[Source "ChessBase"]
[SourceQuality "1"]

{[%evp 19,102,61,68,67,77,-38,-43,-31,14,15,6,6,5,12,8,15,15,11,14,-35,-31,-90,-90,-97,-56,-78,-83,-85,-85,-78,-54,-58,-43,-37,-52,-85,-86,-95,-51,-91,-75,-93,-77,-100,-95,-117,-117,-95,-98,-166,-166,-272,-268,-206,-168,-263,-206,-238,-237,-244,-247,-240,-237,-711,-721,-706,-700,-718,-714,-709,-685,-685,-666,-694,-664,-692,-672,-656,-616,-605,-590,-575,-566,-555,-532]} 1. e4 g6 2. d4 Bg7 3. Nc3 d6 4. f4 Nf6 5. Nf3 O-O 6. Bd3 Nc6 7. e5 dxe5 8. fxe5 Nd5 9. Nxd5 Qxd5 10. c3 Bg4 11. Qe2 {B09: Pirc Defence: Austrian Attack} Rad8 12. O-O (12. Be4 $16 Qd7 13. O-O) (12. Be4 Qd7 13. Be3 f6 14. O-O-O fxe5 15. Qc4+ Kh8 16. dxe5 Nxe5 17. Nxe5 Qxd1+ 18. Rxd1 Rxd1+ {1-0 (50) Karjakin,S (2785)-Van Wely,L (2695) Wijk aan Zee 2017}) 12... Nxe5 $1 $15 {[%mdl 64] ...Bxf3 is the strong threat. Pin} 13. Be4 {Black is slightly better.} Bxf3 (13... Qc4 $5 {[%cal Rc4e2]} 14. Re1 Nxf3+ 15. gxf3 Qxe2 16. Rxe2 Bc8 $15) 14. gxf3 Qc4 15. Re1 $146 ({Predecessor:} 15. Qxc4 Nxc4 16. Bxb7 Rb8 17. Be4 Nxb2 18. Bf4 Na4 19. Rac1 Nxc3 20. Rxc3 Bxd4+ {1-0 (33) Kozyrev,D (2142)-Shadrin,A (1896) Kstovo 2010}) 15... Qxe2 16. Rxe2 Nc6 17. Bxc6 bxc6 18. Rxe7 c5 19. d5 Rxd5 20. Be3 ({White should try} 20. Bf4 $15) 20... Rb8 $17 21. Re1 h5 ({Weaker is} 21... Rxb2 22. Re8+ Bf8 23. Bh6 Rb8 24. Rxb8 Rg5+ 25. Kf2 Rg2+ 26. Kxg2 Kh8 27. Rxf8#) 22. Re2 Be5 23. Kg2 Bd6 24. Re4 Rd1 25. Bf2 f6 26. Rc4 Rd5 27. h4 Kf7 28. Ra4 Rb7 29. Rc4 Rf5 30. Ra4 g5 $1 31. b3 gxh4 32. Bxh4 {[#]} Rb8 $1 33. Kf2 Rg8 34. Rae4 (34. Rxa7 $17 {is a better defense.} c4 35. b4) 34... Rg4 $19 35. Rxg4 (35. Re1 $142) 35... hxg4 {[%mdl 4096] Endgame KRB-KRB} 36. Re3 Be5 37. Kg2 (37. Kf1 {keeps fighting.}) 37... Rh5 38. Bg3 gxf3+ 39. Kf2 Rf5 {Hoping for ...Bxg3+.} 40. Bh4 Kg6 41. Rxf3 $2 (41. Kg1) 41... Bxc3 {Black is clearly winning.} 42. Rxf5 Kxf5 {KB-KB} 43. Kf3 Bd4 44. Bg3 c6 45. Bb8 {[#]} a6 $1 46. Bc7 Ke6 47. Ke4 f5+ 48. Kd3 Kd5 49. Bf4 Be5 50. Bg5 Bg3 51. Ke3 c4 {Accuracy: White = 44%, Black = 76%.} 0-1

[Event "Portugal Open 2020"]
[Site "Lisbon"]
[Date "2020.01.27"]
[Round "4.14"]
[White "Haldorsen, Benjamin"]
[Black "Frois, Antonio"]
[Result "1-0"]
[WhiteElo "2463"]
[BlackElo "2273"]
[Annotator "TA"]
[PlyCount "101"]
[EventDate "2020.01.25"]
[EventType "swiss"]
[EventCountry "POR"]
[SourceTitle "playchess.com"]
[Source "ChessBase"]
[SourceQuality "1"]

{[%evp 21,101,45,80,77,68,63,62,47,41,50,46,47,46,54,39,50,77,73,72,45,162,164,160,135,155,108,96,91,163,28,41,43,52,12,20,0,0,-4,-6,-15,-21,-58,-77,-155,-118,-118,-118,-114,-108,-118,-125,-280,-154,-161,-141,-226,-238,-240,-239,-223,-124,-229,-207,-195,-213,-188,-131,-152,-156,-130,-85,-214,0,0,34,31,39,32,323,97,775,725]} 1. e4 Nf6 2. e5 Nd5 3. d4 d6 4. Nf3 Bg4 5. Be2 e6 6. O-O Be7 7. c4 Nb6 8. Be3 O-O 9. Nc3 N8d7 {[%cal Bb8d7,Bd7f6,Bf6e4][%mdl 32]} 10. exd6 cxd6 11. b3 Rc8 12. h3 {B05: Alekhine's Defence: 4 Nf3 Bg4} Bh5 13. Qd2 Nf6 14. Rfd1 {White is slightly better.} Re8 $146 ({Predecessor:} 14... Bg6 15. a4 a6 16. d5 exd5 17. a5 Nbd7 18. Nxd5 Nxd5 19. Qxd5 Qc7 20. Bd3 {½-½ (53) Iordachescu,V (2485)-Itkis,B (2440) Bucharest 1997}) 15. a4 {[%cal Ba2a4,Ba4a5][%mdl 32]} a6 16. a5 Nbd7 17. Na4 Ne4 18. Qe1 Bf8 19. b4 f5 20. Rac1 Qf6 (20... Nef6 $14) 21. Ne5 $1 $18 {[%cal Re5d7]} dxe5 22. Bxh5 Red8 23. d5 exd5 24. Rxd5 Qh4 (24... Qe7 $16) 25. Be2 ({Only move:} 25. Bf3 $1 $18 {[%cal Rf3e4]} Qe7 26. Nb6 Nxb6 27. Rxd8 Qxd8 28. axb6 (28. Bxb6 Qd7 $16)) 25... Nef6 26. Rdd1 f4 $1 {[%cal Rf4e3]} 27. Bb6 Re8 $1 28. c5 e4 $1 29. f3 Qg5 30. Qf2 Ne5 31. Nc3 exf3 $40 {[%mdl 128] Black goes for the king.} 32. h4 (32. Bxf3 $142 Nxf3+ 33. Qxf3) 32... Qg4 33. Bxf3 Nxf3+ 34. Qxf3 Qxh4 {And now ...Ng4 would win.} 35. Rf1 Nh5 ({But not} 35... g5 $6 36. Nd5 $11) 36. Ne2 $2 {[#]} (36. Qh3 $17 Qxh3 37. gxh3) 36... Re3 (36... Ng3 $1 $19 37. Nxf4 g5) 37. Qf2 $17 Qxf2+ 38. Rxf2 (38. Kxf2 $17 Re4 39. Rfd1) 38... Re4 $19 39. Rb1 g5 40. Nc3 Re3 (40... Rc4 $19 41. Nd5 Re8) 41. Rf3 (41. Nd5 $17 Re4 42. Rff1) 41... Re5 42. Rd3 Rce8 43. Rd5 h6 (43... Ng3 $19 44. Rxe5 Rxe5) 44. Rxe5 $17 Rxe5 45. Rd1 Ng3 46. Nd5 (46. Kf2 $17) 46... Bg7 $2 {[#]} ({Better is} 46... Re2 $19 {White must now prevent ...Rb2.} 47. Bd8 Bg7) 47. b5 $1 $11 {[%cal Rb5a6][%mdl 512]} axb5 {[#] aiming for ...Re4.} (47... Re4 $5 {[%cal Ra6b5]}) 48. a6 $1 {[%mdl 512]} bxa6 {Hoping for ...Re4.} 49. c6 {c7 is the strong threat.} Nf5 $2 {[%mdl 8192] [#]} (49... Kh7 $14) 50. c7 $1 $18 {[%cal Rc7c8]} Nd6 $2 {[%mdl 8192] [#]} (50... Re8 $16) 51. Nf6+ $1 {[%mdl 512] Accuracy: White = 49%, Black = 45%.} 1-0